000 01131cam a22002054a 4500
005 20250605164121.0
008 250528s ||||||||||||||||||||||||d
035 _a18284
020 _a132408961
040 _aGR-AtMCL
_bgre
_dGR-AtMCL
_eAACR2
245 1 _aAuditing / Theory and Practice: Second Edition
250 _a2nd
260 _bPrentice Hall,
_c1996
300 _a314
520 _aThis book provides a balanced and pertinent framework for the study of auditing. Preface, Abbreviations, The Regulatory Framework of Auditing, Why Have an Audit?, Auditor Independence, The Auditor's Duties, International Comparisons, Audit Reporting, The Audit Report, Qualified Audit Reports, The Collection of Evidence, The Conduct of an Audit, Audit Evidence and Testing, Internal Control, Computer Audit, Audit Sampling, The Sales Cycle, The Purchases Cycle, Audit of the Balance Sheet, Other Roles for Audit, Internal Audit, Management Auditing, Environmental Audit, Appendix: Proposed Structure of Statements of Auditing Standards, Index.
700 1 _aDunn John
_94559
942 _cBK
999 _c3650
_d3650